000 00690nam a2200229Ia 4500
003 OSt
005 20220926025107.0
006 a|||||r|||| 00| 0
007 ta
008 220923b |||||||| |||| 00| 0 eng d
037 _cGeneral Book
040 _aRTL
_cRTL
_beng
041 _2eng
_aeng
082 _aX:(B).2.N8, M6
100 _aDatta Anindya
_9331836
245 0 _aGrowth and equity
_b A critique of the Lewis Kuznet
260 _aOxford
_bOxford University Press
_c1986
300 _axii,119p Bib p 105-14 Appendix p 85-104
_ccm.
650 _aMathametical Economics
942 _hX:(B).2.N8, M6
_cGB
_2CC
999 _c646240
_d646240